Every Track The Supercars Championship Has Raced At - Statistics

General Stats
  • This quiz has been taken 82 times
    78 since last reset
  • The average score is 22 of 34
Answer Stats
Year(s) Active Location Answer % Correct
1972-1988 South Australia, AUS Adelaide International Raceway
92%
1999-2020, 2022-Present South Australia, AUS Adelaide Street Circuit
92%
1966, 1969-1970, 1972, 1995-1996, 1999-Present New South Wales, AUS Mount Panorama Circuit
90%
2018-2020, 2022-Present Victoria, AUS Albert Park Circuit
87%
1992-1997, 1999-2005, 2007-2008, 2012, 2014-2018, 2020-Present New South Wales, AUS Sydney Motorsport Park
87%
2005 Shanghai, CHN Shanghai International Circuit
85%
2024 Taupo, NZL Taupo International Motorsport Park and Events Centre
85%
2010-2012 Abu Dhabi, ARE Yas Marina Circuit
85%
2013 Texas, USA Circuit of the Americas
83%
2008-2012 Hamilton, NZL Hamilton Street Circuit
83%
2006-2008, 2010 Manama, BHR Bahrain International Circuit
81%
2001-2007, 2013-2019, 2022 Pukekohe, NZL Pukekohe Park Raceway
81%
1999-2019 Queensland, AUS Queensland Raceway
79%
1969, 1971-1977, 1979-1987, 2002-2019, 2022-Present Queensland, AUS Surfers Paradise International Raceway
79%
1965, 1970-1989, 1991-1992, 1994-2019, 2021-Present Victoria, AUS Sandown Internatonal Raceway
77%
2000-2002 Australian Capital Territory, AUS Canberra Street Circuit
73%
2017-2019, 2023 New South Wales, AUS Newcastle Street Circuit
71%
2018-2023 South Australia, AUS The Bend Motorsport Park
71%
1971-2008 New South Wales, AUS Oran Park Raceway
69%
2009-Present Queensland, AUS Reid Park Street Circuit
69%
1969-1999, 2004-2019, 2021-Present Tasmania, AUS Symmons Plains Raceway
65%
1998-Present Northern Territory, AUS Hidden Valley Raceway
63%
1976-1977, 1990, 1993-2003, 2005-2019 Victoria, AUS Phillip Island Grand Prix Circuit
63%
1973, 1978-2009, 2011-2019, 2022-Present Western Australia, AUS Wanneroo Park
62%
1963, 1969-1971, 1989-1998 Mallala, AUS Mallala Motor Sport Park
60%
1985-1986, 1988-2004, 2006-2019, 2022 VIctoria, AUS Winton Motor Raceway
60%
1969-1983, 1985-1988, 1996-2001 Victoria, AUS Calder Park Raceway
46%
2009-2016 New South Wales, AUS Homebush Street Circuit
44%
1964, 1967, 1970-1971, 1975-1998 Queensland, AUS Lakeside Park
38%
1974-1978, 1985-1994 New South Wales, AUS Amaroo Park Raceway
29%
1962 Tasmania, AUS Longford Circuit
19%
1960 New South Wales, AUS Gnoo Blas Motor Racing Circuit
15%
1968, 1970, 1972-1973 New South Wales, AUS Warwick Farm Raceway
15%
1961 Queensland, AUS Lowood Airfield Circuit
12%
No matching quizzes found
Score Distribution
Percent of People with Each Score
Percentile by Number Answered
Your Score History
You have not taken this quiz since the last reset